000 00290nam a22001337a 4500
008 181012b xxu||||| |||| 00| 0 eng d
020 _a0877226784
041 _aeng
080 _a316
100 _a50
101 _aSOC
245 _aDescent into Discourse
_cPalmer, B.D
942 _2udc
_cBK
999 _c49605
_d49605